| 000 | 01800nam0a2200397 4500 | ||
|---|---|---|---|
| 001 | RU\NLR\BIBL_A\011177857 | ||
| 005 | 20260408152657.0 | ||
| 010 | _a978-5-91041-170-2 | ||
| 021 |
_aRU _b2016-51899 _93315 |
||
| 035 | _a(NLR Aleph) 011177857 | ||
| 035 | _a(NILC)RuMoRGB-008538559 | ||
| 090 |
_a11802276 _c11802276 |
||
| 100 | _a20160719d2015 |||y0rusy50 ca | ||
| 101 | 0 | _arus | |
| 102 | _aRU | ||
| 105 | _aac||z|||000yy | ||
| 200 | 1 |
_aО характере просвещения Европы и его отношении к просвещению России _fИ.В. Киреевский |
|
| 210 |
_aСанкт-Петербург _cОбщество памяти игумении Таисии _d2015 |
||
| 215 |
_a111 с. _cил., портр. _d21 |
||
| 225 | 1 |
_aОтечественные мыслители _eОМ |
|
| 300 | _aВ вып. дан. и макете загл.: О характере просвещения Европы и о его отношении к просвещению России | ||
| 300 | _aНа обороте тит. л. авт.: философ И.В. Киреевский | ||
| 320 | _aБиблиогр. в коммент.: с. 94-110 | ||
| 517 | 1 | _aО характере просвещения Европы и о его отношении к просвещению России | |
| 606 |
_aСлавянофильство _9916444 _3RU\NLR\AUTH\6616038 |
||
| 675 | _a1/14 | ||
| 686 | 1 | _aТ3(0)51-71 | |
| 686 | 1 | _aТ3(2)0-7 | |
| 686 | 1 | _aЮ3(2)50-568 | |
| 700 | 1 |
_7ca _8rus _aКиреевский _bИ. В. _f1806-1856 _gИван Васильевич _922722 _3RU\NLR\AUTH\7739746 |
|
| 801 | 0 |
_aRU _bРГБ _c20160706 _gRCR |
|
| 942 | _cBOOK | ||
| 980 | _aNBR | ||
| 980 | _aNB | ||